| 000 | 00644nam a2200217Ia 4500 | ||
|---|---|---|---|
| 001 | 7530 | ||
| 003 | GE_BSU | ||
| 008 | 181216s||||||||xx |||||||||||||| ||und|| | ||
| 040 | _cGE_BSU | ||
| 080 | _a624.04 | ||
| 100 | _aИванов,В.Ф. Онуфриев,Н.М. | ||
| 245 | _aКонструкций зданий сооружений. | ||
| 245 | _cРед.науч. В.М.Карро, А.Г.Марголин. | ||
| 260 | _aЛ. | ||
| 260 | _bСтройиздат. | ||
| 260 | _c1965. | ||
| 300 | _a487стр. с илл. 26см. | ||
| 300 | _eтабл. | ||
| 653 | _aКонструкций зданий сооружений. | ||
| 942 | _cBK | ||
| 999 |
_c40886 _d40886 |
||